| 000 | 00578nam a2200205 a 4500 | ||
|---|---|---|---|
| 005 | 20230330063535.0 | ||
| 008 | 010522s2000 ag r 000 0 spa d | ||
| 020 | _a9879191978 | ||
| 035 | _aUPN01000106693 | ||
| 049 | _aCG | ||
| 050 | 4 |
_aLB3012 _bB3.2 |
|
| 100 | 1 | _aBarreiro de Nudler, Telma | |
| 245 | 1 | 0 |
_aConflictos en el aula / _cTelma Barreiro de Nudler. |
| 260 |
_aBuenos Aires : _bNovedades Educativas, _c2000. |
||
| 300 | _a187 p. | ||
| 440 | 0 | _aReflexión y debate | |
| 650 | 4 |
_aDisciplina escolar _91521 |
|
| 650 | 4 |
_aCONDUCTA ESTUDIANTIL _99301 |
|
| 905 | _aLibro | ||
| 999 |
_c80605 _d80605 |
||